Who was King Tut? / (Record no. 2152)

MARC details
000 -LEADER
fixed length control field 01144cam a22003614a 4500
001 - CONTROL NUMBER
control field 2152
003 - CONTROL NUMBER IDENTIFIER
control field FISKH
005 - DATE AND TIME OF LATEST TRANSACTION
control field 20231107145913.0
008 - FIXED-LENGTH DATA ELEMENTS--GENERAL INFORMATION
fixed length control field 050909s2006 nyua b 000 0beng
010 ## - LIBRARY OF CONGRESS CONTROL NUMBER
LC control number 2005025504
020 ## - INTERNATIONAL STANDARD BOOK NUMBER
International Standard Book Number 0448443600
020 ## - INTERNATIONAL STANDARD BOOK NUMBER
International Standard Book Number 9780545484145
040 ## - CATALOGING SOURCE
Original cataloging agency DLC
Transcribing agency DLC
Modifying agency DLC
Language of cataloging eng
042 ## - AUTHENTICATION CODE
Authentication code pcc
043 ## - GEOGRAPHIC AREA CODE
Geographic area code f-ua---
050 00 - LIBRARY OF CONGRESS CALL NUMBER
Classification number DT87.5
Item number .E38 2006
082 00 - DEWEY DECIMAL CLASSIFICATION NUMBER
Classification number 932/.014092
-- B
Edition number 22
100 1# - MAIN ENTRY--PERSONAL NAME
Personal name Edwards, Roberta.
245 10 - TITLE STATEMENT
Title Who was King Tut? /
Statement of responsibility, etc. by Roberta Edwards ; illustrated by True Kelley.
260 ## - PUBLICATION, DISTRIBUTION, ETC.
Place of publication, distribution, etc. New York :
Name of publisher, distributor, etc. Scholastic,
Date of publication, distribution, etc. 2006.
300 ## - PHYSICAL DESCRIPTION
Extent 105 pages :
Other physical details illustrations ;
Dimensions 20 cm
490 0# - SERIES STATEMENT
Series statement Who was ?
505 ## - FORMATTED CONTENTS NOTE
Formatted contents note R<br/>
520 ## - SUMMARY, ETC.
Summary, etc. Explains the life and times of this ancient Egyptian ruler, covering the story of the tomb's discovery, as well as myths and stories of mummy curses.
521 8# - TARGET AUDIENCE NOTE
Target audience note 690<br/>
Source Lexile<br/>
521 8# - TARGET AUDIENCE NOTE
Target audience note R<br/>
Source Raz-Plus
600 00 - SUBJECT ADDED ENTRY--PERSONAL NAME
Personal name Tutankhamen,
Titles and other words associated with a name King of Egypt.
650 #0 - SUBJECT ADDED ENTRY--TOPICAL TERM
Topical term or geographic name entry element Pharaohs
Form subdivision Biography.
651 #0 - SUBJECT ADDED ENTRY--GEOGRAPHIC NAME
Geographic name Egypt
General subdivision Antiquities.
700 1# - ADDED ENTRY--PERSONAL NAME
Personal name Kelley, True,
Relator term illustrator
906 ## - LOCAL DATA ELEMENT F, LDF (RLIN)
a 7
b cbc
c orignew
d 1
e ecip
f 20
g y-gencatlg
942 ## - ADDED ENTRY ELEMENTS (KOHA)
Source of classification or shelving scheme Dewey Decimal Classification
Koha item type Books
Suppress in OPAC No
Holdings
Withdrawn status Lost status Source of classification or shelving scheme Damaged status Not for loan Collection Home library Current library Shelving location Date acquired Total Checkouts Full call number Barcode Date due Date last seen Date last checked out Price effective from Koha item type
    Dewey Decimal Classification     Non-Fiction Footprints International School Library Network Toul Kork Campus Footprints International School Library Network Toul Kork Campus TK Primary Library Room(4th Floor), Bookcase 5&6, Shelves 33-56, Orange Books 11/07/2023 3 EDW 932.014092 DT87.E3818 FISTK00388 12/23/2025 12/09/2025 12/09/2025 11/07/2023 Books